000 00383nam a2200133Ia 4500
008 231129s9999||||xx |||||||||||||| ||spa||
020 _a978-958-8241-80-7
040 _bspa
082 _a927.8 V293v
100 _aValverde Umberto
245 0 _aJairo Varela: Que todo el mundo te cante
264 _aCali Colombia : El Paí­s
942 _2ddc
_cBKS
999 _c16068
_d16068